Poemas (Record no. 92586)

MARC details
000 -LEADER
campo de control de longitud fija 00979nam a2200277 i 4500
001 - NÚMERO DE CONTROL
campo de control 92586
003 - IDENTIFICADOR DE NÚMERO DE CONTROL
campo de control ES-MaACL
005 - FECHA Y HORA DE LA ÚLTIMA TRANSACCIÓN
campo de control 20250630161528.0
007 - CAMPO FIJO DE DESCRIPCIÓN FÍSICA--INFORMACIÓN GENERAL
campo de control de longitud fija t|
008 - DATOS DE LONGITUD FIJA--INFORMACIÓN GENERAL
campo de control de longitud fija 050405s2004 sp ||||1| spa d
020 ## - NÚMERO INTERNACIONAL ESTÁNDAR DEL LIBRO
Número Internacional Estándar del Libro 84-7517-798-0
080 ## - NÚMERO DE LA CLASIFICACIÓN DECIMAL UNIVERSAL
Número de la Clasificación Decimal Universal 821.112.2-14"18"
100 1# - ENTRADA PRINCIPAL--NOMBRE DE PERSONA
Nombre de persona Hölderlin, Friedrich.
9 (RLIN) 64001
245 10 - MENCIÓN DEL TÍTULO
Título Poemas
Resto del título : textos bilingües /
Mención de responsabilidad, etc. Friedrich Hölderlin ; las primeras traducciones al castellano por Fernando Maristany (1919) y Manuel de Montoliu (1921) ; edición de Anacleto Ferrer.
250 ## - MENCION DE EDICION
Mención de edición 1ª ed.
260 ## - PUBLICACIÓN, DISTRIBUCIÓN, ETC.
Lugar de publicación, distribución, etc. Madrid :
Nombre del editor, distribuidor, etc. Hiperión,
Fecha de publicación, distribución, etc. 2004.
300 ## - DESCRIPCIÓN FÍSICA
Extensión 180 p. :
Otras características físicas il. ;
Dimensiones 20 cm.
490 1# - MENCIÓN DE SERIE
Mención de serie Poesía Hiperión ;
Designación de volumen o secuencia 470
500 ## - NOTA GENERAL
Nota general Texto alemán y traducción al español.
700 1# - ENTRADA AGREGADA--NOMBRE PERSONAL
Nombre de persona Maristany, Fernando.
9 (RLIN) 76897
700 0# - ENTRADA AGREGADA--NOMBRE PERSONAL
Nombre de persona Montoliu, Manuel de,
Fechas asociadas al nombre 1877-1961
9 (RLIN) 82679
700 1# - ENTRADA AGREGADA--NOMBRE PERSONAL
Nombre de persona Ferrer, Anacleto.
9 (RLIN) 50407
830 0# - PUNTO DE ACCESO ADICIONAL DE SERIE-TÍTULO UNIFORME
Título uniforme Poesía Hiperión ;
Designación de volumen o secuencia 470
9 (RLIN) 177326
852 ## - LOCALIZACIÓN
Ubicación ES-MaACL
Número de control de estantería E-10914
Sublocalización o colección R.135751
Holdings
Estatus retirado Estado de pérdida Estado de daño No para préstamo Biblioteca de origen Biblioteca actual Ubicación en estantería Fecha de adquisición Fuente de adquisición Total de préstamos Signatura topográfica completa Código de barras Visto por última vez Precio de reemplazo Tipo de ítem Koha
        Biblioteca del Ateneo de Madrid Biblioteca del Ateneo de Madrid Depósito 2 17/01/2008     E-10914 1096659 23/02/2023 23/02/2023 Libro impreso